000
00396nam a2200157Ia 4500
008
100122s9999 xx 000 0 und d
082
_b
36669
_a
821
100
_a
यशवंत
245
_a
यशोधन
250
_a
5
260
_b
चित्रशाळा प्रकाशन
_c
1905
300
_a
160
630
_a
यशोधन
730
_a
यशोधन
942
_c
BOOK
999
_c
419312
_d
419309